书目信息 |
| 题名: |
德国古典哲学是马克思主义的理论来源之一
|
|
| 作者: | 奥则尔曼 著 ;马兵 译 | |
| 分册: | ||
| 出版信息: | 上海 上海人民出版社 1956 |
|
| 页数: | 67页 | |
| 开本: | 19cm | |
| 丛书名: | ||
| 单 册: | ||
| 中图分类: | B516.3 | |
| 科图分类: | ||
| 主题词: | 德国古典哲学--研究 | |
| 电子资源: | ||
| ISBN: | 2074.27 | |
| 000 | 00816nam0 2200253 450 | |
| 001 | 0000000000 | |
| 005 | 20100712202737.0 | |
| 010 | @a2074.27@dCNY0.20 | |
| 091 | @a2074.27@dCNY0.20 | |
| 100 | @a20030424d1956 em y0chiy0110 ea | |
| 101 | 1 | @achi@crus |
| 102 | @aCN@b310000 | |
| 105 | @ay z 000yy | |
| 106 | @ar | |
| 200 | 1 | @a德国古典哲学是马克思主义的理论来源之一@9De Guo Gu Dian Zhe Xue Shi Ma Ke Si;Sai Zhu Yi De;Di Li Lun Lai Yuan Zhi Yi @f(苏)特·伊·奥则尔曼著@g马兵译 |
| 210 | @a上海@c上海人民出版社@d1956 | |
| 215 | @a67页@d19cm | |
| 300 | @a本书根据苏联“知识”出版社1955年版本译出 | |
| 606 | 0 | @a德国古典哲学@x研究 |
| 690 | @aB516.3@v4 | |
| 701 | 1 | @a奥则尔曼@9ao ze er man@b特·伊@4著 |
| 702 | 0 | @a马兵@9ma bing@4译 |
| 801 | 0 | @aCN@b91MARC@c20130904 |
| 905 | @aBZT@dB516.3@e8@f2@sB516.3/8 | |
| 德国古典哲学是马克思主义的理论来源之一/(苏)特·伊·奥则尔曼著/马兵译.-上海:上海人民出版社,1956 |
| 67页;19cm |
| 本书根据苏联“知识”出版社1955年版本译出 |
| ISBN 2074.27:CNY0.20 |
| ● |
| 相关链接 |
|
|
|
正题名:德国古典哲学是马克思主义的理论来源之一
索取号:B516.3/8
 
预约/预借
| 序号 | 登录号 | 条形码 | 馆藏地/架位号 | 状态 | 备注 |
| 1 | 2000041104 | 2000041104 | 旧书回溯/ [索取号:B516.3/8] | 在馆 | |
| 2 | 2000041105 | 2000041105 | 旧书回溯/ [索取号:B516.3/8] | 在馆 |